Jewish Law in Gentile Churches (Record no. 13697)

MARC details
000 -LEADER
fixed length control field 00630nam a2200253 a 4500
020 ## - INTERNATIONAL STANDARD BOOK NUMBER
ISBN 0801027586
082 00 - DEWEY DECIMAL CLASSIFICATION NUMBER
Classification number 296.09
Author Cutter BOC
100 ## - MAIN ENTRY--AUTHOR NAME
Author name Bockmuehl, Markus
245 ## - TITLE STATEMENT
Title Jewish Law in Gentile Churches
260 ## - PUBLICATION, DISTRIBUTION, ETC. (IMPRINT)
Place of publication Grand Rapids
Name of publisher Baker Book House
Year of publication 2009
300 ## - PHYSICAL DESCRIPTION
Number of Pages 314p
500 ## - GENERAL NOTE
General note includes index and biblioraphy
505 2# - FORMATTED CONTENTS NOTE
Formatted contents note biblio
650 ## - SUBJECT ADDED ENTRY--TOPICAL TERM
Topical Term Judaism-History
650 ## - SUBJECT ADDED ENTRY--TOPICAL TERM
Topical Term Judaism-Law
942 ## - ADDED ENTRY ELEMENTS (KOHA)
Koha item type Books
700 1# -
-- Bockmuehl, Markus
Holdings
Collection code Home library Current library Date acquired Cost, normal purchase price Full call number Accession Number Koha item type
  Henry Martyn Institute Library Henry Martyn Institute Library 04/06/2010 930.00 296.09 BOC 023252 Books
                   Copyright © 2026 | Henry Martyn Institute | Hyderabad | TS-500052 | INDIA | Implemented by hmi.edu.in
Hit-Count:

Powered by Koha